=LDR 00000nam 2200000 4500 =001 INLIS000000000018088 =005 20130612113253 =008 ***********************************Ind** =035 ##$$0010-061300000018088 =041 ##$$a Ind =082 ##$$a 346.048 2 =090 ##$$a 346.048 2, Har m =100 ##$$a Harjowidigno, Rooseno =245 ##$$a Mengenal hak cipta Indonesia beserta peraturan pelaksanaannya, oleh Rooseno Harjowidigdo =260 ##$$a 1992 $b Jakarta =300 ##$$a 186 hlm, 21 cm =650 ##$$a Hak Cipta =850 ##$$a NBPNMAT